000 00471nam a2200157Ia 4500
003 GCL
008 140319s9999 xx 000 0 ara d
040 _aGCL /
_cGCL
082 0 4 _a372.8
_bك م
100 1 _aكوثر حسين كوجاك
245 1 0 _aمناهج وتدريس فى الاقتصاد المنزلى /
_cكوثر حسين كوجاك
300 _a254 ص
490 _a
650 0 4 _aالاقتصاد المنزلى, طرق التدريس
942 _2ddc
_cBK
999 _c37738
_d37738